000 00352nam a2200133Ia 4500
008 240624s9999 xx 000 0 und d
041 _aeng
082 _a658.408 HAR
100 _aHART STUART L
245 _aCAPITALISM AT THE CROSSROADS THE UNLIMIT
260 _c2005
_aNew Delhi
_bPearson Power
300 _axliii, : 241 : p. : cm. ; 24
365 _cRS
999 _c3158
_d3158